| 000 | 00501cam a22001575a 4500 | ||
|---|---|---|---|
| 001 | J100963 | ||
| 008 | 000000s1930 xxk 000 0 eng u | ||
| 035 | _a(Sirsi) u100963 | ||
| 110 |
_aSurveyors' Institution _93783 |
||
| 245 | _aSyllabus of subjects and recommended text books for the revised professional examinations to come into force after the examinations of March 1931. | ||
| 260 | _c1930 | ||
| 300 | _a43p. | ||
| 651 | 4 |
_aUnited Kingdom _y |
|
| 690 | _aBusiness and management | ||
| 942 | _n0 | ||
| 999 |
_c99954 _d99954 |
||